00365nam a2200121Ia 4500008004100000020002200041100002600063245006300089260005100152300001700203650001500220650000800235191108s9999 xx 000 0 und d a978-971-679-088-7 adel Rosario, Ramon V. cRamon V. Del RosarioaAnti-Corruption :bManual for SMEs / a[Makati]:bAsian Institute of Managementc2011 a247 pages :  aCorruption aLaw